Quality and availability of higher education at Matej Bel University in Banska Bystrica

Gespeichert in:
Bibliographische Detailangaben
1. Verfasser: Vetráková, Milota
Format: Buchkapitel
Sprache:Englisch
Schlagworte:
Tags: Tag hinzufügen
Keine Tags, Fügen Sie das erste Tag hinzu!

MARC

LEADER 00000naa a2200000 4500
001 0168603
005 20231010125846.3
041 0 |a eng 
044 |a SK 
245 1 0 |a Quality and availability of higher education at Matej Bel University in Banska Bystrica  |c Milota Vetráková 
610 2 0 |a vzdelávanie vysokoškolské 
610 2 0 |a kvalifikácia 
610 2 0 |a kvalita 
610 2 0 |a programy študijné 
610 2 0 |a dávky sociálne 
610 2 0 |a podpora štátna 
100 1 |a Vetráková, Milota